[Event "44º Torneo Internacional de Ajedrez de La Roda"]
[Site "La Roda (Albacete) - ESPAÑA"]
[Date "2017.04.13"]
[Round "3"]
[Board "7"]
[White "Peralta, Fernando"]
[Black "Moreno Ibanez, Miguel"]
[Result "1-0"]
[WhiteElo "2565"]
[BlackElo "2282"]
[PlyCount "105"]
[EventDate "2017.04.12"]
[EventRounds "9"]
[EventCountry "ESP"]

1. d4 Nf6 2. c4 c5 3. d5 g6 4. Nc3 Bg7 5. e4 d6 6. h3 O-O 7. Nf3 e6 8. Bd3 Re8
9. O-O Na6 10. Bg5 h6 11. Be3 e5 12. Qd2 Kh7 13. a3 Rf8 14. Ne2 Qe8 15. Ng3 Bd7
16. Nh2 Rb8 17. b4 b5 18. bxc5 Nxc5 19. Bxc5 dxc5 20. cxb5 Bxb5 21. Rfc1 Bxd3
22. Qxd3 Qb5 23. Qc2 Nd7 24. Nf3 h5 25. Nf1 Bh6 26. Rcb1 Qa6 27. N1d2 f6 28.
Nc4 Rxb1+ 29. Rxb1 Rb8 30. Rxb8 Nxb8 31. Ne1 Nd7 32. Nd3 Bf8 33. Qb3 Nb6 34.
Ndb2 Nc8 35. a4 Be7 36. a5 Bd6 37. Qa4 Qb7 38. a6 Qc7 39. Qe8 Kg7 40. g3 Be7
41. Kg2 Bd6 42. Nd1 Be7 43. Nde3 Bd6 44. Qb5 Kf7 45. Qb7 Ke7 46. Na5 Kd7 47.
Nec4 f5 48. exf5 gxf5 49. Nc6 Nb6 50. N4xe5+ Bxe5 51. Nxe5+ Kd6 52. Nf7+ Kd7
53. d6 1-0

[Event "44º Torneo Internacional de Ajedrez de La Roda"]
[Site "La Roda (Albacete) - ESPAÑA"]
[Date "2017.04.13"]
[Round "3"]
[Board "8"]
[White "Mingarro Carceller, Sergi"]
[Black "Guerra Mendez, Jose Angel"]
[Result "1/2-1/2"]
[WhiteElo "2285"]
[BlackElo "2542"]
[PlyCount "61"]
[EventDate "2017.04.12"]
[EventRounds "9"]
[EventCountry "ESP"]

1. e4 c5 2. Nf3 Nc6 3. d4 cxd4 4. Nxd4 g6 5. Nc3 Bg7 6. Be3 Nf6 7. Bc4 O-O 8.
Bb3 d6 9. f3 Bd7 10. Qd2 Nxd4 11. Bxd4 b5 12. a4 bxa4 13. Bxa4 Bxa4 14. Rxa4
Qb8 15. O-O Rc8 16. Nd1 Rc6 17. b3 a6 18. Nb2 Nd7 19. Nc4 Qc7 20. Bxg7 Kxg7 21.
Qd4+ e5 22. Qf2 Nb6 23. Nxb6 Rxb6 24. Rc4 Rc6 25. Rxc6 Qxc6 26. Rd1 a5 27. Qd2
Ra6 28. Ra1 h5 29. Ra4 Qb5 30. Rc4 Rc6 31. Rxc6 1/2-1/2

[Event "44º Torneo Internacional de Ajedrez de La Roda"]
[Site "La Roda (Albacete) - ESPAÑA"]
[Date "2017.04.13"]
[Round "3"]
[Board "9"]
[White "Forcen Esteban, Daniel"]
[Black "Silva Lucena, Cristian"]
[Result "1-0"]
[WhiteElo "2530"]
[BlackElo "2267"]
[PlyCount "61"]
[EventDate "2017.04.12"]
[EventRounds "9"]
[EventCountry "ESP"]

1. d4 Nf6 2. c4 g6 3. Nc3 d5 4. cxd5 Nxd5 5. Bd2 Nb6 6. e3 Bg7 7. f4 O-O 8. Nf3
N8d7 9. Ne4 Nf6 10. Nxf6+ Bxf6 11. Rc1 Bf5 12. Be2 Be4 13. O-O Qd6 14. Qe1 Nd5
15. Ng5 Bxg5 16. fxg5 f5 17. Bc4 c6 18. Qe2 Rf7 19. Be1 a6 20. Bg3 Qe6 21. b4
Qd7 22. a3 Rff8 23. Qe1 Rf7 24. Be5 Rff8 25. Bb3 e6 26. h4 a5 27. bxa5 Ra7 28.
a4 Rfa8 29. Rc5 Qd8 30. Qg3 Rxa5 31. Bxd5 1-0

[Event "44º Torneo Internacional de Ajedrez de La Roda"]
[Site "La Roda (Albacete) - ESPAÑA"]
[Date "2017.04.13"]
[Round "3"]
[Board "10"]
[White "Burmakin, Vladimir"]
[Black "Domingo Nunez, Ruben"]
[Result "1/2-1/2"]
[WhiteElo "2518"]
[BlackElo "2256"]
[PlyCount "49"]
[EventDate "2017.04.12"]
[EventRounds "9"]
[EventCountry "ESP"]

1. d4 Nf6 2. Nf3 b6 3. g3 Bb7 4. Bg2 e6 5. c4 Be7 6. O-O O-O 7. Re1 Na6 8. Nc3
Ne4 9. Qc2 Nxc3 10. bxc3 c6 11. e4 d5 12. Ne5 Rc8 13. Rb1 Qc7 14. Qb3 dxe4 15.
Bxe4 c5 16. Bxb7 Qxb7 17. d5 Nc7 18. Rd1 Bd6 19. Nc6 exd5 20. cxd5 c4 21. Qxc4
Nxd5 22. Qxd5 Rxc6 23. Be3 Qc8 24. Bd4 Bc5 25. a4 1/2-1/2

[Event "44º Torneo Internacional de Ajedrez de La Roda"]
[Site "La Roda (Albacete) - ESPAÑA"]
[Date "2017.04.13"]
[Round "3"]
[Board "11"]
[White "Cifuentes Parada, Roberto"]
[Black "Serarols Mabras, Bernat"]
[Result "1-0"]
[WhiteElo "2467"]
[BlackElo "2246"]
[PlyCount "59"]
[EventDate "2017.04.12"]
[EventRounds "9"]
[EventCountry "ESP"]

1. d4 Nf6 2. Nf3 d5 3. c4 e6 4. e3 a6 5. Nbd2 c5 6. cxd5 exd5 7. dxc5 Bxc5 8.
Nb3 Ba7 9. Be2 Nc6 10. O-O O-O 11. Nbd4 Bg4 12. Nxc6 bxc6 13. b3 Bb8 14. Ba3
Re8 15. Qc2 Qc8 16. g3 Ne4 17. Rac1 Ba7 18. Qxc6 Qxc6 19. Rxc6 Bxf3 20. Bxf3
Nd2 21. Bxd5 Rad8 22. e4 Nxf1 23. Kxf1 Rd7 24. Rxa6 Rc8 25. Bc4 Bd4 26. Bb4 g6
27. a4 Kg7 28. a5 Bc5 29. Bc3+ Bd4 30. Ra7 1-0

[Event "44º Torneo Internacional de Ajedrez de La Roda"]
[Site "La Roda (Albacete) - ESPAÑA"]
[Date "2017.04.13"]
[Round "3"]
[Board "12"]
[White "Domingo Nunez, Alejandro"]
[Black "Suarez Gomez, Julio"]
[Result "0-1"]
[WhiteElo "2268"]
[BlackElo "2460"]
[PlyCount "152"]
[EventDate "2017.04.12"]
[EventRounds "9"]
[EventCountry "ESP"]

1. e4 c5 2. Nf3 e6 3. d4 cxd4 4. Nxd4 Nc6 5. Nc3 Qc7 6. Be3 Be7 7. Qf3 a6 8.
O-O-O Bf6 9. Qg3 Qxg3 10. hxg3 Nge7 11. f4 Bxd4 12. Bxd4 Nxd4 13. Rxd4 b5 14.
Be2 Bb7 15. Bf3 Bc6 16. Rh5 Rb8 17. a4 f5 18. axb5 axb5 19. Rb4 g6 20. Rh1 O-O
21. e5 Rb7 22. Rd1 Rfb8 23. Ne2 Bxf3 24. gxf3 Nd5 25. Rb3 b4 26. Kd2 Rc7 27.
Nd4 h5 28. Rh1 Rc4 29. Rd3 Kg7 30. Kc1 Rh8 31. Rh4 Ra8 32. Kb1 Rc5 33. Nb3 Rc7
34. Rh2 Kf7 35. Nd4 Rca7 36. Nb3 Ke7 37. Rd4 Rc7 38. Rd3 Rca7 39. Rd4 Rc8 40.
Rd3 Rh8 41. Rh4 Raa8 42. Nd4 Rag8 43. Ka2 Kf7 44. Kb1 Ra8 45. Nb3 Ra7 46. Rd4
Rc8 47. Rd3 Kg7 48. Rh2 Kh6 49. Rd4 Kg7 50. Rd3 Rac7 51. Nd4 Rc4 52. Ka2 b3+
53. Kxb3 R4c5 54. c3 Rb8+ 55. Ka2 Ra5+ 56. Kb1 Ra3 57. Kc2 Ra1 58. Nb3 Rg1 59.
Rh3 Rg2+ 60. Nd2 Rb7 61. b4 Kf7 62. Kb3 Ke7 63. Nc4 Rg1 64. Na3 Rc7 65. Nc4
Rb1+ 66. Nb2 Rc1 67. Na4 Ra1 68. Nc5 Rca7 69. Kc4 R7a2 70. Kb5 Rb1 71. Kc4 Rc2
72. Nb3 Kd8 73. Rh4 Kc7 74. Rh3 Kb6 75. Rh4 Rcb2 76. Rd2 Rxb3 0-1

[Event "44º Torneo Internacional de Ajedrez de La Roda"]
[Site "La Roda (Albacete) - ESPAÑA"]
[Date "2017.04.13"]
[Round "3"]
[Board "13"]
[White "Moreno Ruiz, Javier"]
[Black "Collazo Hidalgo-Gato, Niala"]
[Result "1-0"]
[WhiteElo "2454"]
[BlackElo "2213"]
[PlyCount "111"]
[EventDate "2017.04.12"]
[EventRounds "9"]
[EventCountry "ESP"]

1. d4 g6 2. c4 Bg7 3. Nf3 d6 4. Nc3 Nf6 5. e4 O-O 6. Be2 Nbd7 7. O-O e5 8. Be3
a5 9. Qc2 exd4 10. Bxd4 Re8 11. Rad1 Qe7 12. Rfe1 c6 13. Bf1 Ne5 14. Nxe5 dxe5
15. Bb6 Be6 16. Na4 Nd7 17. Be3 f5 18. exf5 gxf5 19. f3 Kh8 20. c5 Rg8 21. Bc4
Nf6 22. Bxe6 Qxe6 23. Rd6 Qxa2 24. Nc3 Qc4 25. Qxf5 Nd5 26. Nxd5 cxd5 27. Bf2
Rae8 28. Rd7 Qb3 29. Qf7 Qxb2 30. Qxd5 a4 31. Rxb7 Qc3 32. Ra7 Rd8 33. Qe4 a3
34. Qa4 Rd3 35. Ra8 Bf6 36. Rxg8+ Kxg8 37. c6 Rd2 38. c7 Qxc7 39. Qxa3 Qc2 40.
Qa8+ Kg7 41. Qa7+ Kg8 42. h3 Qb2 43. Re4 h5 44. Qb6 Qc1+ 45. Kh2 Kf7 46. Be3
Qb2 47. Qa7+ Kg6 48. Bxd2 Qxd2 49. Qe3 Qb2 50. Qe2 Qc1 51. Rc4 Qg5 52. Qe4+ Kh6
53. h4 Qg7 54. Rc6 Qe7 55. Qf5 Kg7 56. Qxh5 1-0

[Event "44º Torneo Internacional de Ajedrez de La Roda"]
[Site "La Roda (Albacete) - ESPAÑA"]
[Date "2017.04.13"]
[Round "3"]
[Board "14"]
[White "Figuero Toro, Julian Francisco"]
[Black "Espinosa Aranda, Angel"]
[Result "0-1"]
[WhiteElo "2259"]
[BlackElo "2446"]
[PlyCount "154"]
[EventDate "2017.04.12"]
[EventRounds "9"]
[EventCountry "ESP"]

1. c4 c5 2. g3 Nc6 3. Bg2 g6 4. Nc3 Bg7 5. Nf3 d6 6. a3 Nf6 7. O-O O-O 8. Rb1
Bf5 9. d3 Qd7 10. Ng5 h6 11. Nge4 Nxe4 12. Nxe4 Bh3 13. Bxh3 Qxh3 14. f3 Qd7
15. b4 f5 16. Nf2 b6 17. Kg2 e5 18. h3 Rae8 19. b5 Nd4 20. a4 Qb7 21. e3 Ne6
22. Bb2 f4 23. exf4 exf4 24. g4 Bxb2 25. Rxb2 Nd4 26. Ne4 Re6 27. Kh1 d5 28.
cxd5 Qxd5 29. Qc1 Kg7 30. Kg2 Qd8 31. Qd2 Qh4 32. Qf2 Qxf2+ 33. Kxf2 Rd8 34. a5
g5 35. Ra1 Nxf3 36. axb6 axb6 37. Nxc5 bxc5 38. Kxf3 Rxd3+ 39. Kg2 Rg3+ 40. Kh2
Ree3 41. Raa2 Rxh3+ 42. Kg2 Reg3+ 43. Kf2 Rb3 44. Kg2 Rxb2+ 45. Rxb2 Re3 46. b6
Re8 47. b7 Rb8 48. Kf3 c4 49. Rb6 c3 50. Ke2 c2 51. Kd2 f3 52. Rc6 Rxb7 53. Ke3
Rf7 54. Rxc2 Rf4 55. Kf2 Rxg4 56. Kxf3 Rf4+ 57. Kg3 Kg6 58. Ra2 h5 59. Ra6+ Rf6
60. Ra4 Rb6 61. Ra3 h4+ 62. Kh3 Kh5 63. Ra4 g4+ 64. Kg2 Rb2+ 65. Kh1 h3 66. Rc4
Kh4 67. Ra4 Re2 68. Rb4 Kg3 69. Rb3+ Kf4 70. Rb4+ Kf3 71. Rb3+ Re3 72. Rb1 g3
73. Rf1+ Ke2 74. Rf8 Rf3 75. Re8+ Kf1 76. Rg8 g2+ 77. Kh2 Rf2 0-1

[Event "44º Torneo Internacional de Ajedrez de La Roda"]
[Site "La Roda (Albacete) - ESPAÑA"]
[Date "2017.04.13"]
[Round "3"]
[Board "15"]
[White "Campora, Daniel H."]
[Black "Fernandez Aguilar, Francisco"]
[Result "1/2-1/2"]
[WhiteElo "2439"]
[BlackElo "2104"]
[PlyCount "64"]
[EventDate "2017.04.12"]
[EventRounds "9"]
[EventCountry "ESP"]

1. e4 e5 2. Nf3 Nc6 3. Bb5 a6 4. Ba4 Nf6 5. Qe2 b5 6. Bb3 Be7 7. O-O O-O 8. d3
d6 9. c3 Na5 10. Bc2 c5 11. Nbd2 Nc6 12. Rd1 h6 13. Nf1 Be6 14. Ne3 Qc7 15. d4
exd4 16. cxd4 cxd4 17. Nxd4 Nxd4 18. Rxd4 Rac8 19. Bb3 Qc5 20. Rd1 Qe5 21. Nd5
Nxd5 22. Bxd5 Bxd5 23. Rxd5 Qe6 24. Bd2 Rc5 25. Qd3 f5 26. Rxf5 Rcxf5 27. exf5
Qxf5 28. Qxf5 Rxf5 29. Be3 Bf6 30. g4 Re5 31. h3 Re4 32. Rb1 Bd4 1/2-1/2

[Event "44º Torneo Internacional de Ajedrez de La Roda"]
[Site "La Roda (Albacete) - ESPAÑA"]
[Date "2017.04.13"]
[Round "3"]
[Board "16"]
[White "Galiana Fernandez, Adrian"]
[Black "Iruzubieta Villaluenga, Jesus"]
[Result "0-1"]
[WhiteElo "2250"]
[BlackElo "2434"]
[PlyCount "44"]
[EventDate "2017.04.12"]
[EventRounds "9"]
[EventCountry "ESP"]

1. e4 e5 2. Nf3 Nc6 3. Bb5 a6 4. Ba4 Nf6 5. O-O b5 6. Bb3 Bb7 7. Nc3 Bd6 8. a4
b4 9. Nd5 O-O 10. d3 h6 11. a5 Nxd5 12. Bxd5 Nxa5 13. Nxe5 Bxd5 14. exd5 Bxe5
15. Rxa5 Qf6 16. b3 Qb6 17. Ra4 a5 18. Be3 Qd6 19. f4 Bc3 20. Qf3 Rfe8 21. g4
c6 22. dxc6 Rxe3 0-1

[Event "44º Torneo Internacional de Ajedrez de La Roda"]
[Site "La Roda (Albacete) - ESPAÑA"]
[Date "2017.04.13"]
[Round "3"]
[Board "17"]
[White "Nieves Cabanes, Jose Manuel"]
[Black "Ramiro Ovejero, Juan Luis"]
[Result "0-1"]
[WhiteElo "2206"]
[BlackElo "2398"]
[PlyCount "172"]
[EventDate "2017.04.12"]
[EventRounds "9"]
[EventCountry "ESP"]

1. Nf3 d6 2. d4 g6 3. e4 Bg7 4. Bc4 c6 5. Bb3 Nf6 6. Qe2 O-O 7. e5 dxe5 8. dxe5
Nd5 9. h3 a5 10. a4 Na6 11. c3 Nc5 12. Bc2 b6 13. Na3 Ba6 14. Nc4 Qc7 15. O-O
b5 16. axb5 cxb5 17. Nxa5 b4 18. c4 Nb7 19. Bd3 Nc5 20. Bc2 b3 21. Bb1 Nb7 22.
Bd3 Nb4 23. Bd2 Nxd3 24. Qxd3 Nxa5 25. Bxa5 Qxc4 26. Qe3 Qd3 27. Qc5 Bb7 28.
Rfd1 Qf5 29. Nd4 Qg5 30. Nc6 Bxc6 31. Qxc6 Bxe5 32. Qd5 Qf4 33. g3 Qf5 34. Qxb3
Rab8 35. Qd3 Qxh3 36. Bc3 Bxc3 37. bxc3 h5 38. Qe4 e6 39. Ra7 Rb5 40. c4 Qf5
41. Qe2 Re5 42. Qd2 h4 43. Qf4 hxg3 44. Qxf5 Rxf5 45. fxg3 Rb8 46. Rf1 Rb2 47.
Rxf5 gxf5 48. c5 Rc2 49. Rc7 Kg7 50. c6 Kg6 51. Rc8 Kf6 52. Kf1 Ke5 53. Rf8
Rxc6 54. Rxf7 Ke4 55. Ra7 Kf3 56. Ra3+ Kg4 57. Re3 Kg5 58. Kf2 Kf6 59. Kf3 Rc4
60. Ra3 e5 61. Ra8 Rc3+ 62. Kf2 Rc2+ 63. Ke3 Rc3+ 64. Kf2 e4 65. Rf8+ Ke6 66.
Rg8 Rd3 67. Rg6+ Ke5 68. Rg5 Rd2+ 69. Ke1 Ra2 70. g4 Kf4 71. Rxf5+ Ke3 72. Kf1
Ra1+ 73. Kg2 Kd4 74. Kf2 Ra2+ 75. Kf1 Kd3 76. Rf8 Ra1+ 77. Kg2 e3 78. Rd8+ Ke2
79. Re8 Kd2 80. Rd8+ Ke1 81. g5 e2 82. g6 Ra5 83. Rb8 Rg5+ 84. Kf3 Kf1 85. g7
e1=Q 86. g8=Q Qg3+ 0-1

[Event "44º Torneo Internacional de Ajedrez de La Roda"]
[Site "La Roda (Albacete) - ESPAÑA"]
[Date "2017.04.13"]
[Round "3"]
[Board "18"]
[White "Trigo Urquijo, Sergio"]
[Black "Alshameary Puente, Daniel"]
[Result "1-0"]
[WhiteElo "2397"]
[BlackElo "2040"]
[PlyCount "51"]
[EventDate "2017.04.12"]
[EventRounds "9"]
[EventCountry "ESP"]

1. Nf3 d5 2. d4 Nf6 3. c4 c6 4. e3 e6 5. Bd3 Be7 6. O-O O-O 7. b3 Nbd7 8. Nbd2
b6 9. Bb2 Bb7 10. Qe2 c5 11. cxd5 Nxd5 12. Rac1 Bf6 13. Rfd1 cxd4 14. Nxd4 Qe7
15. Ne4 Nc5 16. Ba3 Bxd4 17. exd4 Nf4 18. Qe3 Nfxd3 19. Rxd3 Bxe4 20. Rdc3 Qb7
21. dxc5 Rfd8 22. f3 Bd5 23. cxb6 axb6 24. Rc7 Qa6 25. Bb2 f6 26. Bxf6 1-0

[Event "44º Torneo Internacional de Ajedrez de La Roda"]
[Site "La Roda (Albacete) - ESPAÑA"]
[Date "2017.04.13"]
[Round "3"]
[Board "19"]
[White "Pilgaard, Kim"]
[Black "Jesus Reyes, Javier"]
[Result "1-0"]
[WhiteElo "2381"]
[BlackElo "2021"]
[PlyCount "109"]
[EventDate "2017.04.12"]
[EventRounds "9"]
[EventCountry "ESP"]

1. e4 c5 2. Nf3 e6 3. d4 cxd4 4. Nxd4 a6 5. Bd3 Nf6 6. O-O Qc7 7. Nc3 Nc6 8.
Nxc6 dxc6 9. a4 Bb4 10. Qe2 Nd7 11. f4 e5 12. f5 Nf6 13. Kh1 h5 14. Be3 Ng4 15.
Bg1 Qa5 16. Na2 Be7 17. Nc1 Qc7 18. a5 c5 19. Nb3 Bd7 20. Nd2 Rd8 21. Nc4 Bb5
22. Nb6 c4 23. Bxc4 Bxc4 24. Nxc4 Bc5 25. Bxc5 Qxc5 26. h3 Rd4 27. b3 Nf6 28.
Rae1 Rxe4 29. Qd3 Rxe1 30. Rxe1 Ng4 31. Nd6+ Kf8 32. Ne4 Qe7 33. Rd1 Nf6 34.
Qd8+ Ne8 35. Qc8 Rh6 36. Rd7 Qb4 37. Qxb7 Qxb7 38. Rxb7 Nd6 39. Rb8+ Ke7 40.
f6+ gxf6 41. Nxd6 Kxd6 42. Rb6+ Kc5 43. Rxa6 Kb5 44. Ra7 Rg6 45. Kg1 h4 46. c4+
Kb4 47. a6 Ka5 48. b4+ Kb6 49. Ra8 f5 50. c5+ Kb5 51. a7 Ka6 52. b5+ Kb7 53.
Rf8 Kxa7 54. Rxf7+ Kb8 55. Rxf5 1-0

[Event "44º Torneo Internacional de Ajedrez de La Roda"]
[Site "La Roda (Albacete) - ESPAÑA"]
[Date "2017.04.13"]
[Round "3"]
[Board "20"]
[White "Rodriguez Izquierdo, Luis"]
[Black "Guerra Rivera, Salvador"]
[Result "0-1"]
[WhiteElo "2045"]
[BlackElo "2358"]
[PlyCount "72"]
[EventDate "2017.04.12"]
[EventRounds "9"]
[EventCountry "ESP"]

1. e4 c5 2. Nf3 d6 3. d4 Nf6 4. Nc3 cxd4 5. Nxd4 a6 6. h3 e5 7. Nde2 h5 8. g3
Be7 9. Bg2 Be6 10. Bg5 Nbd7 11. Bxf6 Nxf6 12. Qd2 Rc8 13. O-O b5 14. a3 h4 15.
g4 Nd7 16. Rad1 Qc7 17. Kh1 Nb6 18. b3 Qc5 19. Qc1 a5 20. f4 b4 21. axb4 axb4
22. Nd5 Nxd5 23. exd5 Bd7 24. fxe5 dxe5 25. d6 Bxd6 26. Qd2 Rh6 27. Qg5 Be6 28.
Qxg7 Rg6 29. Qh8+ Kd7 30. Qh5 Qe3 31. Rd3 Qxe2 32. Rfd1 Rxc2 33. Rxd6+ Kc7 34.
Rd7+ Bxd7 35. Rxd7+ Kxd7 36. Qf5+ Kd6 0-1

[Event "44º Torneo Internacional de Ajedrez de La Roda"]
[Site "La Roda (Albacete) - ESPAÑA"]
[Date "2017.04.14"]
[Round "4"]
[Board "1"]
[White "Suarez Gomez, Julio"]
[Black "Gharamian, Tigran"]
[Result "1/2-1/2"]
[WhiteElo "2460"]
[BlackElo "2625"]
[PlyCount "64"]
[EventDate "2017.04.12"]
[EventRounds "9"]
[EventCountry "ESP"]

1. e4 c6 2. d4 d5 3. exd5 cxd5 4. Bd3 Nc6 5. c3 Nf6 6. Bf4 g6 7. Nf3 Bf5 8.
Bxf5 gxf5 9. Ne5 e6 10. Nd2 Bg7 11. O-O O-O 12. Re1 Ne7 13. Re3 Ng6 14. Bg5 Qc7
15. Bxf6 Bxf6 16. Nd3 Kh8 17. Rh3 Rg8 18. Nf1 Nf4 19. Nxf4 Qxf4 20. Ng3 Qg4 21.
f3 Qg5 22. Qe2 Bd8 23. Kh1 Bc7 24. Rg1 a6 25. Qd3 Rg6 26. Rh5 Qf6 27. Ne2 Rag8
28. g3 R6g7 29. f4 Bd8 30. Qf3 Qg6 31. Nc1 Qg4 32. Kg2 Bc7 1/2-1/2

[Event "44º Torneo Internacional de Ajedrez de La Roda"]
[Site "La Roda (Albacete) - ESPAÑA"]
[Date "2017.04.14"]
[Round "4"]
[Board "2"]
[White "Andriasian, Zaven"]
[Black "Cifuentes Parada, Roberto"]
[Result "1-0"]
[WhiteElo "2615"]
[BlackElo "2467"]
[PlyCount "91"]
[EventDate "2017.04.12"]
[EventRounds "9"]
[EventCountry "ESP"]

1. e4 d6 2. d4 Nf6 3. Nc3 e5 4. Nf3 Nbd7 5. Bc4 Be7 6. O-O O-O 7. a4 c6 8. Re1
b6 9. d5 cxd5 10. Nxd5 Bb7 11. b3 Rc8 12. Nxe7+ Qxe7 13. Nd2 Rfe8 14. Bb2 Nc5
15. f3 a6 16. Bf1 Qc7 17. Nc4 Rcd8 18. Qe2 b5 19. axb5 axb5 20. Ne3 Bc6 21. Qf2
Ne6 22. Nf5 Ra8 23. Ba3 Red8 24. h3 g6 25. Ne3 Nd4 26. Bb2 Rxa1 27. Rxa1 Ne6
28. Kh1 Nf4 29. Qh4 N6h5 30. Ng4 Re8 31. Qf2 Rc8 32. c4 b4 33. c5 dxc5 34. Bxe5
Qe7 35. Bc4 Rd8 36. Ra6 Bb7 37. Ra7 Nd3 38. Bxd3 Rxd3 39. Qb2 Rd7 40. Qa1 Qd8
41. Kh2 Qf8 42. Qa4 Qc8 43. Qb5 f6 44. Bxf6 Qc6 45. Nh6+ Kf8 46. Ra8+ 1-0

[Event "44º Torneo Internacional de Ajedrez de La Roda"]
[Site "La Roda (Albacete) - ESPAÑA"]
[Date "2017.04.14"]
[Round "4"]
[Board "3"]
[White "Espinosa Aranda, Angel"]
[Black "Baklan, Vladimir"]
[Result "1/2-1/2"]
[WhiteElo "2446"]
[BlackElo "2600"]
[PlyCount "32"]
[EventDate "2017.04.12"]
[EventRounds "9"]
[EventCountry "ESP"]

1. e4 c5 2. Nc3 Nc6 3. g3 g6 4. Bg2 Bg7 5. d3 d6 6. Be3 Rb8 7. Qd2 b5 8. Nge2
Nd4 9. O-O h5 10. h4 b4 11. Nd1 Nh6 12. f3 Nxe2+ 13. Qxe2 O-O 14. Qd2 Kh7 15.
Nf2 e5 16. a3 a5 1/2-1/2

[Event "44º Torneo Internacional de Ajedrez de La Roda"]
[Site "La Roda (Albacete) - ESPAÑA"]
[Date "2017.04.14"]
[Round "4"]
[Board "4"]
[White "Korneev, Oleg"]
[Black "Moreno Ruiz, Javier"]
[Result "1-0"]
[WhiteElo "2594"]
[BlackElo "2454"]
[PlyCount "125"]
[EventDate "2017.04.12"]
[EventRounds "9"]
[EventCountry "ESP"]

1. d4 Nf6 2. Nf3 g6 3. Bf4 Bg7 4. e3 O-O 5. Be2 c5 6. c3 d6 7. h3 Qb6 8. Qb3
Be6 9. Qa3 Nc6 10. O-O Rfc8 11. Nbd2 cxd4 12. exd4 Qa5 13. Qxa5 Nxa5 14. Rfe1
h6 15. a4 Kf8 16. Bf1 Nd5 17. Bg3 Nb6 18. Bd3 Bd5 19. Nh2 Nbc4 20. Nxc4 Nxc4
21. Re2 h5 22. Nf1 Bf6 23. a5 b6 24. Ne3 Nxe3 25. fxe3 bxa5 26. Rxa5 Bc4 27.
Bxc4 Rxc4 28. e4 Bg7 29. e5 dxe5 30. Bxe5 Bxe5 31. Rexe5 Rc7 32. Kf2 Rb8 33.
Reb5 Rcb7 34. Rxb7 Rxb7 35. b4 Rc7 36. Ra3 Ke8 37. Ke3 Kd7 38. b5 Kc8 39. Kd3
Kb7 40. c4 Rd7 41. c5 Rd5 42. Kc4 Rf5 43. g4 hxg4 44. hxg4 Rf1 45. Kd5 g5 46.
Re3 e6+ 47. Kd6 Rd1 48. Ke5 Rf1 49. d5 exd5 50. Kd6 d4 51. Re7+ Kc8 52. Re8+
Kb7 53. c6+ Kb6 54. c7 Rc1 55. c8=Q Rxc8 56. Rxc8 Kxb5 57. Kd5 d3 58. Rb8+ Ka4
59. Kc4 d2 60. Rb2 Ka3 61. Rxd2 a5 62. Rf2 a4 63. Kc3 1-0

[Event "44º Torneo Internacional de Ajedrez de La Roda"]
[Site "La Roda (Albacete) - ESPAÑA"]
[Date "2017.04.14"]
[Round "4"]
[Board "5"]
[White "Iruzubieta Villaluenga, Jesus"]
[Black "Vorobiov, Evgeny E."]
[Result "1/2-1/2"]
[WhiteElo "2434"]
[BlackElo "2584"]
[PlyCount "90"]
[EventDate "2017.04.12"]
[EventRounds "9"]
[EventCountry "ESP"]

1. e4 c5 2. Nf3 e6 3. d4 cxd4 4. Nxd4 Nc6 5. Nc3 Qc7 6. g3 a6 7. Bg2 d6 8. O-O
Bd7 9. Nxc6 Bxc6 10. Qd4 Nf6 11. Bg5 Be7 12. Rad1 Rd8 13. a4 h6 14. Be3 Rc8 15.
Qb6 Qxb6 16. Bxb6 Nd7 17. Bd4 O-O 18. Rd2 b5 19. axb5 axb5 20. Na2 Nc5 21. Bxc5
dxc5 22. e5 b4 23. Bxc6 Rxc6 24. Rd7 Re8 25. Nc1 c4 26. Ne2 Ra6 27. Rc7 Ra2 28.
Rxc4 Rxb2 29. Nd4 Ra8 30. Nc6 Bf8 31. Rd1 g5 32. Rd8 Rxd8 33. Nxd8 b3 34. cxb3
Rxb3 35. h4 Rd3 36. Nc6 Kg7 37. Kg2 Kg6 38. hxg5 hxg5 39. Nd4 Rd2 40. Nf3 Re2
41. Kf1 Ra2 42. Kg2 Rb2 43. Rc8 Bg7 44. Rc4 Bf8 45. Rc8 Bg7 1/2-1/2

[Event "44º Torneo Internacional de Ajedrez de La Roda"]
[Site "La Roda (Albacete) - ESPAÑA"]
[Date "2017.04.14"]
[Round "4"]
[Board "6"]
[White "Ramiro Ovejero, Juan Luis"]
[Black "Peralta, Fernando"]
[Result "0-1"]
[WhiteElo "2398"]
[BlackElo "2565"]
[PlyCount "58"]
[EventDate "2017.04.12"]
[EventRounds "9"]
[EventCountry "ESP"]

1. e4 e6 2. d4 d5 3. exd5 exd5 4. Nf3 Nf6 5. Bg5 Be6 6. Bd3 h6 7. Bxf6 Qxf6 8.
c3 Nd7 9. Nbd2 Bd6 10. O-O O-O 11. Qc2 c5 12. dxc5 Nxc5 13. Nd4 Nxd3 14. Qxd3
Bd7 15. Rfe1 Rfe8 16. N2f3 a6 17. Re2 Rxe2 18. Qxe2 Re8 19. Qf1 g5 20. Re1 Re4
21. g3 Bc5 22. Rxe4 dxe4 23. Qc4 exf3 24. Qxc5 Qg6 25. Nxf3 Qb1+ 26. Kg2 Bc6
27. h3 Qe4 28. Qe3 f5 29. g4 f4 0-1

[Event "44º Torneo Internacional de Ajedrez de La Roda"]
[Site "La Roda (Albacete) - ESPAÑA"]
[Date "2017.04.14"]
[Round "4"]
[Board "7"]
[White "Guerra Rivera, Salvador"]
[Black "Forcen Esteban, Daniel"]
[Result "0-1"]
[WhiteElo "2358"]
[BlackElo "2530"]
[PlyCount "162"]
[EventDate "2017.04.12"]
[EventRounds "9"]
[EventCountry "ESP"]

1. e4 e6 2. d4 d5 3. Nd2 Be7 4. e5 c5 5. c3 Nc6 6. Bd3 cxd4 7. cxd4 Qb6 8. Ndf3
Bd7 9. Ne2 Nb4 10. Bb1 Bb5 11. a3 Qa6 12. Bd2 Nd3+ 13. Bxd3 Bxd3 14. Nf4 Be4
15. Bb4 Bxb4+ 16. axb4 Qc4 17. Qd2 Ne7 18. Qc3 Bxf3 19. gxf3 Nc6 20. Ne2 Qxb4
21. Qxb4 Nxb4 22. Kd2 Kd7 23. Rhc1 Nc6 24. Ke3 Rhf8 25. Nc3 f6 26. Rg1 g6 27.
f4 Rf7 28. Na4 Raf8 29. Nc5+ Ke7 30. Nd3 fxe5 31. dxe5 b6 32. b4 Kd7 33. Rgc1
Rf5 34. h4 Rc8 35. Ra6 Ra8 36. Ra2 Rh5 37. Rac2 Rc8 38. b5 Ne7 39. Rxc8 Nxc8
40. Nb4 Rxh4 41. Nc6 Rh3+ 42. f3 Rh2 43. Nb8+ Kd8 44. Nc6+ Ke8 45. Nd4 Kd7 46.
Nxe6 Kxe6 47. Rxc8 Ra2 48. Rc6+ Kd7 49. Rd6+ Ke7 50. Rxd5 Ra3+ 51. Ke4 Ra4+ 52.
Ke3 Rb4 53. Kf2 Rxf4 54. Kg3 Ra4 55. Rd6 Rc4 56. Rd3 Rc5 57. Ra3 Rxe5 58. Rxa7+
Kf6 59. Rxh7 Rxb5 60. Rb7 Rb1 61. Rb8 Ke5 62. Kf2 Rb2+ 63. Ke3 Rb3+ 64. Ke2 g5
65. Re8+ Kf4 66. Rf8+ Kg3 67. Rg8 Rb5 68. Ke3 Rc5 69. Rg6 b5 70. Kd4 Rf5 71.
Ke4 Rf4+ 72. Ke5 Kxf3 73. Rxg5 b4 74. Rg1 Rh4 75. Kd5 Ke2 76. Kc5 Kd2 77. Rg2+
Kc3 78. Rg3+ Kc2 79. Rg2+ Kb1 80. Rg3 Ka2 81. Rg2+ Ka3 0-1

[Event "44º Torneo Internacional de Ajedrez de La Roda"]
[Site "La Roda (Albacete) - ESPAÑA"]
[Date "2017.04.14"]
[Round "4"]
[Board "8"]
[White "Perez Candelario, Manuel"]
[Black "Trigo Urquijo, Sergio"]
[Result "1-0"]
[WhiteElo "2576"]
[BlackElo "2397"]
[PlyCount "93"]
[EventDate "2017.04.12"]
[EventRounds "9"]
[EventCountry "ESP"]

1. e4 e5 2. Nf3 Nc6 3. d4 exd4 4. Bc4 Nf6 5. e5 d5 6. Bb5 Ne4 7. Nxd4 Bd7 8.
Bxc6 bxc6 9. O-O Bc5 10. f3 Ng5 11. Be3 Bb6 12. f4 Ne4 13. Nd2 c5 14. N4f3 Nxd2
15. Qxd2 Bc6 16. f5 d4 17. Bg5 Qd5 18. Rae1 h6 19. Bh4 c4 20. Qf4 Kd7 21. e6+
fxe6 22. Qg4 Kc8 23. fxe6 d3+ 24. Kh1 dxc2 25. Rc1 g5 26. Bf2 Qe4 27. Qg3 Kb7
28. Rfe1 Qd3 29. Ne5 Qxg3 30. Bxg3 Bd5 31. e7 h5 32. h4 Bd4 33. Rxc2 gxh4 34.
Bxh4 Rhg8 35. Kh2 Rae8 36. Rd2 c5 37. Rc2 Kc7 38. Ree2 Kd6 39. Nxc4+ Bxc4 40.
Rxc4 Rg4 41. Kh3 Bxb2 42. Rxg4 hxg4+ 43. Kxg4 Bd4 44. Kf5 c4 45. Rd2 Kc5 46.
Bf6 c3 47. Bxd4+ 1-0